000 01009nam a22002297a 4500
005 20110429165957.0
008 110429t xxu||||| |||| 00| 0 mar d
010 _aMAR-20780
020 _c300.00
_a9788174344908
035 _aMR-13438
037 _bDBAD / PUB
040 _aDPL
_bMR
082 _a781.542092
100 _aरानडे,अशोक दा.
_927525
245 _aमला भावलेले संगीतकार /
_cअशोक दा रानडे
246 _aMala Bhavlele Sangeetkar
_bby Ashok D Ranade
260 _aपुणे
_bराजहंस प्रकाशन
_c2010
270 _a1025,सदाशिव पेठ
_bपुणे
300 _aअकरा,298पृ
_c21 सेमी (अजिल्द)
942 _2ddc
_cMR
_mरानडे
_h781.542092
999 _c52062
_d52062